000 00493nam a22001697a 4500
003 URS
005 20220114171551.0
008 170324b xxu||||| |||| 00| 0 eng d
020 _a0273655000
050 _aHG5415.123
_bF55 2002
100 _aFill, Chris
_4author
245 _aMarketing communications:
_bcontexts, strategies and applications
_cChris Fill
250 _aThird edition
260 _aHarlow England:
_bPearson Education,
_c2002
300 _axxxii, 790;
_c26 cm
942 _cFR
_2lcc
999 _c14164
_d14164